| 000 | 00891nam a2200289 i 4500 | ||
|---|---|---|---|
| 001 | bg | ||
| 003 | BPK | ||
| 005 | 20220919081701.0 | ||
| 008 | 980529s1997 pl f f |001 0 pol | ||
| 015 | _aPB 1998/6014 | ||
| 020 | _a8386703938 | ||
| 040 |
_aWA N _cBPK |
||
| 080 | _a341.225(438) | ||
| 080 | _a347.79(438) | ||
| 080 | _a349.2 | ||
| 080 | _a(075.8) | ||
| 100 | 1 |
_aKoziński, Mirosław Henryk _d(1951- ) _eAutor |
|
| 245 | 1 | 0 |
_aMorskie prawo pracy / _cMirosław H. Koziński. |
| 260 |
_aGdynia : _bWyższa Szkoła Morska. Wydaw. Uczelniane, _c1997. |
||
| 300 |
_a205 s. ; _c21 cm. |
||
| 504 | _aBibliogr. s. 204-205. - Indeks. | ||
| 655 | 4 | _aPodręczniki akademickie | |
| 650 | 4 | _aPrawo pracy | |
| 650 | 4 | _aPrawo morskie | |
| 856 | 4 | 1 |
_uhttp://koha.tu.koszalin.pl/cgi-bin/koha/opac-detail.pl?biblionumber=32830 _yKatalog online BPK |
| 942 |
_2UKD _cKS |
||
| 999 |
_c32830 _d32830 |
||